000 00453 a2200145 4500
082 _a005.369
090 _c6916
_d6916
100 _aMicrosoft Support Network
245 _aGetting Results with Microsoft Excel for Windows 95.
_bReal World Solutions for the Work you do.
_cMicrosoft Support Network
250 _aVersion 7.0
260 _aUSA
_bMicrosoft Corporation
_c1995
300 _a227p.
500 _aPaper cover
942 _aNBS
_cBK
_k005.369 MIC
999 _c349254
_d349254